| Tag |
First Indicator |
Second Indicator |
Subfields |
| LEADER |
00000pam a2200000 a 4500 |
| 001 |
in00000090099 |
| 005 |
20151008065550.0 |
| 008 |
811008s1982 ctu 00010 eng |
| 010 |
|
|
|a 81018196
|
| 020 |
|
|
|a 0899190979 :
|c $10.95 (est.)
|
| 035 |
|
|
|a (OCoLC)07923793
|
| 035 |
|
|
|9 AAK6183AM
|
| 039 |
0 |
|
|a 2
|b 3
|c 3
|d 3
|e 3
|
| 040 |
|
|
|a DLC
|c DLC
|d TXA
|d UtOrBLW
|
| 043 |
|
|
|a n-us---
|
| 049 |
|
|
|a TXAM
|c 1 [388650], 2 [271587]
|
| 050 |
0 |
0 |
|a E872
|b T74 1982
|
| 082 |
0 |
|
|a 973.92/0207
|2 19
|
| 100 |
1 |
|
|a Trillin, Calvin.
|
| 245 |
1 |
0 |
|a Uncivil liberties /
|c Calvin Trillin.
|
| 264 |
|
1 |
|a New Haven :
|b Ticknor & Fields,
|c 1982.
|
| 300 |
|
|
|a viii, 206 pages ;
|c 22 cm.
|
| 336 |
|
|
|a text
|b txt
|2 rdacontent
|
| 337 |
|
|
|a unmediated
|b n
|2 rdamedia
|
| 338 |
|
|
|a volume
|b nc
|2 rdacarrier
|
| 500 |
|
|
|a Columns from the Nation.
|
| 651 |
|
0 |
|a United States
|x Politics and government
|y 1977-1981
|x Anecdotes.
|
| 651 |
|
0 |
|a United States
|x Politics and government
|y 1981-1989
|x Anecdotes.
|
| 730 |
0 |
|
|a Nation (New York, N.Y. : 1865)
|
| 999 |
|
|
|a MARS
|
| 999 |
f |
f |
|s 1449cb6c-6dfe-3ba0-9358-0fc651555c38
|i cff1f330-0fd3-3f64-b36d-58fe28be0669
|t 0
|
| 952 |
f |
f |
|p ric
|a Texas A&M University
|b Rellis Campus
|c Joint Library Facility
|d Remote Storage
|t 0
|e E872 T74 1982
|h Library of Congress classification
|i unmediated -- volume
|m A14805940668
|
| 998 |
f |
f |
|a E872 T74 1982
|t 0
|l Remote Storage
|